| 000 | 00637nam a2200253Ia 4500 | ||
|---|---|---|---|
| 008 | 171120s9999 xx 000 0 und d | ||
| 020 | _a9.7805453837e+012 | ||
| 050 | _a413 | ||
| 050 | _bH279 2012 | ||
| 100 | _aHargraves, Orin | ||
| 245 | _aScholastic pocket dictionary : | ||
| 245 | _bmore than 13,000 definitions! / | ||
| 245 | _cby Orin Hargraves. | ||
| 260 | _aNew York : | ||
| 260 | _bScholastic, | ||
| 260 | _c2012 | ||
| 300 | _avi, 666 pages : | ||
| 300 | _billustrations ; | ||
| 300 | _c19cm. | ||
| 650 | _aEnglisg language -- | ||
| 650 | _aEnglish language. | ||
| 650 | _xDictionaries. | ||
| 700 | _aTitle. | ||
| 999 |
_c345073 _d345073 |
||